Wake Me Up - Lyrics Quiz - Statistics

General Stats
  • This quiz has been taken 228 times
  • The average score is 176 of 247
Answer Stats
Lyrics: % Correct
me
99%
up
99%
wake
98%
I
96%
a
93%
when
89%
When
89%
all
88%
All
88%
it's
87%
and
86%
And
86%
my
86%
over
86%
I'm
85%
was
83%
know
82%
this
81%
time
80%
older
79%
the
78%
So
77%
wiser
76%
Didn't
75%
didn't
75%
myself
75%
lost
71%
to
71%
finding
60%
in
60%
But
57%
eyes
54%
way
54%
where
54%
by
53%
will
53%
don't
51%
through
51%
young
51%
darkness
50%
that
50%
can't
49%
life
49%
too
49%
start
47%
tell
47%
end
46%
dream
45%
for
45%
have
45%
heart
45%
if
45%
journey
45%
is
44%
understand
44%
fine
42%
open
42%
say
42%
beating
40%
love
40%
They
40%
Not
39%
pass
39%
caught
38%
Feeling
37%
of
37%
could
36%
that's
36%
Wish
36%
close
35%
world
35%
hands
34%
only
33%
two
33%
any
32%
Guided
32%
afraid
31%
forever
31%
stay
30%
everyone
29%
plans
29%
travel
29%
game
27%
prize
27%
Well
27%
get
25%
weight
25%
chance
24%
made
24%
tried
23%
carrying
22%
Life's
21%
Hope
20%
No matching quizzes found
Score Distribution
Percent of People with Each Score
Percentile by Number Answered
Your Score History
You have not taken this quiz